[Event "Gyor Amateur op 20th"]
[Site "Gyor"]
[Date "2021.06.05"]
[Round "1"]
[White "Lodi, Laszlo"]
[Black "Timar, Mate"]
[Result "1-0"]
[WhiteElo "1802"]
[BlackElo "1165"]
[PlyCount "45"]
[EventDate "2021.06.05"]
[EventType "swiss"]
[EventRounds "5"]
[EventCountry "HUN"]
[SourceTitle "EXT 2025"]
[Source "ChessBase"]
[SourceDate "2024.10.14"]
[SourceVersion "1"]
[SourceVersionDate "2024.10.14"]
[SourceQuality "1"]

1. e4 c5 2. Nf3 Nc6 3. d4 cxd4 4. Nxd4 e5 5. Nb5 Bb4+ 6. Bd2 Bxd2+ 7. Qxd2 a6 8. Nd6+ Ke7 9. Bc4 Nh6 10. Nc3 Nd4 11. Nxc8+ Rxc8 12. Bd5 b5 13. a3 a5 14. Ba2 b4 15. axb4 axb4 16. Nd5+ Ke8 17. Nxb4 Qb6 18. c3 Nc6 19. Rd1 Rd8 20. Qd6 Ng4 21. 0-0 Nf6 22. Nd5 Qxb2 23. Nc7# 1-0